FIFA 21 Best Player By Team - Statistics

General Stats
  • This quiz has been taken 364 times
  • The average score is 24 of 100
Answer Stats
Team Player OVA % Correct
Manchester City Kevin De Bruyne 91
95%
Liverpool Alisson 90
93%
Tottenham Hotspur Harry Kane 88
90%
Leicester City Jamie Vardy 86
80%
Manchester United Bruno Fernandes 87
78%
FC Barcelona Lionel Messi 93
78%
Arsenal Pierre-Emerick Aubameyang 87
76%
Juventus Cristiano Ronaldo 92
75%
Chelsea N'Golo Kanté 88
75%
Real Madrid Thibaut Courtois 89
65%
Atletico Madrid Jan Oblak 91
64%
CSKA Moscow Mário Fernandes 82
63%
Bayern Munich Robert Lewandowski 91
63%
Paris Saint-Germain Neymar 91
61%
Lazio Ciro Immobile 87
44%
Borussia Dortmund Jadon Sancho 87
44%
Crystal Palace Wilfried Zaha 83
44%
Wolverhampton Wanderers Rui Patrício 84
43%
Inter Milan Samir Handanovič 88
43%
Real Sociedad David Silva 86
41%
Aston Villa Jack Grealish 80
40%
Napoli Kalidou Koulibaly 88
38%
Borussia M'gladbach Yann Sommer 86
38%
Villarreal Dani Parejo 85
37%
Atalanta Papu Gómez 86
36%
Leeds United Rodrigo 82
36%
AC Milan Gianluigi Donnarumma 85
35%
Lyon Memphis Depay 85
35%
Burnley Nick Pope 82
34%
Betis Nabil Fekir 83
33%
RB Leipzig Péter Gulácsi 85
33%
Celta Vigo Iago Aspas 84
32%
Southampton Danny Ings 80
31%
Everton Lucas Digne 84
30%
Monaco Wissam Ben Yedder 84
30%
Fulham Alphonse Areola 82
26%
Atlanta United Josef Martínez 81
26%
AFC Ajax André Onana 84
25%
West Ham United Łukasz Fabiański 81
24%
Marseille Steve Mandanda 83
23%
Sevilla Jesús Navas 84
22%
Newcastle United Martin Dúbravka 83
22%
Cagliari Diego Godín 85
21%
Eintracht Frankfurt Kevin Trapp 83
19%
Bayer Leverkusen Lukáš Hrádecký 83
19%
Fiorentina Franck Ribéry 81
18%
Torino Salvatore Sirigu 84
18%
Lille Mike Maignan 82
17%
Inter Miami Blaise Matuidi 83
15%
AS Roma Pau López 83
14%
Los Angeles FC Carlos Vela 83
13%
Valencia José Gayà 83
13%
Wolfsburg Koen Casteels 83
13%
Athletic Club Iker Muniain 83
12%
Porto Jesús Corona 84
12%
Groningen Arjen Robben 80
11%
Union Berlin Max Kruse 81
10%
Hoffenheim Oliver Baumann 82
10%
Tigres UANL André-Pierre Gignac 81
9%
Sampdoria Fabio Quagliarella 80
9%
Deportivo Alavés Fernando Pacheco 82
9%
İstanbul BB Edin Višća 83
8%
Galatasaray Fernando Muslera 82
8%
River Plate Ignacio Fernández 81
8%
Genoa Mattia Perin 82
8%
Saint-Etienne Stéphane Ruffier 81
8%
Benfica Álex Grimaldo 84
7%
Sassuolo Andrea Consigli 81
7%
Getafe David Soria 82
7%
Rennes Hamari Traoré 79
7%
Parma Gervinho 78
6%
Sporting CP Sebastián Coates 81
6%
Feyenoord Steven Berghuis 81
6%
Udinese Juan Musso 80
5%
Orlando City Nani 80
5%
Club Brugge Simon Mignolet 81
5%
Lokomotiv Moscow Grzegorz Krychowiak 80
4%
PSV Eindhoven Eran Zahavi 81
3%
Rangers James Tavernier 75
3%
Red Bull Salzburg Patson Daka 76
3%
Vitória Guimarães Ricardo Quaresma 79
3%
Dynamo Kyiv Viktor Tsygankov 80
3%
Nice Walter Benítez 81
3%
Montpellier Andy Delort 79
2%
Bordeaux Benoît Costil 79
2%
Los Angeles Galaxy Cristian Pavón 79
2%
Schalke 04 Omar Mascarell 79
2%
Olympiacos Rafinha 79
2%
Beşiktaş Adem Ljajić 80
1%
Royal Antwerp Dieumerci Mbokani 78
1%
Boca Juniors Esteban Andrada 81
1%
Club América Guillermo Ochoa 79
1%
Shakhtar Donetsk Ismaily 81
1%
Fenerbahçe Luiz Gustavo 80
1%
Braga Matheus 79
1%
Basel Silvan Widmer 76
1%
Anderlecht Hendrik Van Crombrugge 77
0%
Young Boys Jean-Pierre Nsamé 78
0%
Spartak Moscow Samuel Gigot 78
0%
Celtic Shane Duffy 77
0%
No matching quizzes found
Score Distribution
Percent of People with Each Score
Percentile by Number Answered
Your Score History
You have not taken this quiz